LIBRARY & INFORMATION CENTRE, KCAET, TAVANUR

ONLINE PUBLIC ACCESS CATALOGUE (OPAC)

Principles of inorganic chemistry / (Record no. 9799)

MARC details
000 -LEADER
fixed length control field 00511cam a2200205ua 4500
041 ## - LANGUAGE CODE
Language code of text/sound track or separate title eng
082 ## - DEWEY DECIMAL CLASSIFICATION NUMBER
Classification number 546
Item number PUR/PR
100 ## - MAIN ENTRY--AUTHOR NAME
Personal name Puri, B R .
245 ## - TITLE STATEMENT
Title Principles of inorganic chemistry /
250 ## - EDITION STATEMENT
Edition statement 1 /
260 ## - PUBLICATION, DISTRIBUTION, ETC. (IMPRINT)
Place of publication Jalandhar :
Name of publisher Shoban lal nagrin chand & co ,
Year of publication 1995.
300 ## - PHYSICAL DESCRIPTION
Number of Pages 1332 ; .
700 1# - ADDED ENTRY--PERSONAL NAME
Personal name Kalia, K C .
700 1# - ADDED ENTRY--PERSONAL NAME
Personal name Sharma, L R .
942 ## - ADDED ENTRY ELEMENTS (KOHA)
Koha item type Books
Holdings
Withdrawn status Lost status Damaged status Home library Current library Date acquired Full call number Accession Number Koha item type
      KAUAET KAUAET 07/04/2012 546 PUR/PR 19060 Books
free website counter